| 000 | 00644nam a2200253Ia 4500 | ||
|---|---|---|---|
| 008 | 181129s9999 xx 000 0 und d | ||
| 020 | _a9786219543262 | ||
| 050 | _a890 | ||
| 050 | _bS237 2016 | ||
| 100 | _aSantos, Marcelo, III | ||
| 245 | 0 | _aMahal mo sya, mahal ka ba? / | |
| 245 | 0 | _cby Marcelo Santos III. | |
| 260 | _aPasig City, Philippines : | ||
| 260 | _bVRJ Books Publishing Inc., | ||
| 260 | _c2016 | ||
| 300 | _a141 pages : | ||
| 300 | _bsome colored illustrations ; | ||
| 300 | _c17cm. | ||
| 650 | _aAnnecdotes. | ||
| 650 | _aInspiration. | ||
| 650 | _aPoetry. | ||
| 650 | _aTagalog poetry. | ||
| 700 | _aTitle. | ||
| 999 |
_c360189 _d360189 |
||